000
00297nam a22001337a 4500
999
_c
160305
_d
160305
020
_a
082
_a
_b
100
_a
Archana Verma
245
_a
Nirala ke srajan-simant/
_c
by Archana Verma.
260
_a
New Delhi :
_b
Radhakrishnan,
_c
2005.
300
_a
248p.
650
_a
942
_c
BK